| 000 | 00757nam a2200277Ia 4500 | ||
|---|---|---|---|
| 003 | OSt | ||
| 005 | 20220925232816.0 | ||
| 006 | a|||||r|||| 00| 0 | ||
| 007 | ta | ||
| 008 | 220923b |||||||| |||| 00| 0 eng d | ||
| 020 | _a0471177415 | ||
| 037 | _cGeneral Book | ||
| 040 |
_aRTL _cRTL _beng |
||
| 041 |
_2eng _aeng |
||
| 082 | _aX651, N8 | ||
| 100 |
_aHooke Jeffrey C _9297766 |
||
| 245 | 0 |
_aSecurity analysis on wall street _b A comprehensive |
|
| 260 |
_aNew York _bJohn Wiely _c1998 |
||
| 300 |
_axiii, 434p _ccm. |
||
| 490 | _aWiley Frontiers in Finance | ||
| 650 | _a Economics | ||
| 650 |
_a Stock _9255671 |
||
| 650 | _aInvestment | ||
| 942 |
_hX651, N8 _cGB _2CC |
||
| 999 |
_c592170 _d592170 |
||